Vista normal Vista MARC
  • POESIA LIRICA

Entrada Materia

Número de registros utilizados en: 6

001 - NÚMERO DE CONTROL DEL REGISTRO

  • campo de control: 1271

003 - IDENTIFICADOR DE NUMERO DE CONTROL

  • campo de control: UPN

005 - FECHA Y HORA DE LA ÚLTIMA TRANSACCIÓN

  • campo de control: 20210219193611.0

008 - DATOS DE LONGITUD FIJA

  • campo de control de longitud fija: nabaccnnaabn|||||||||| b |nc|||||d

035 ## - NÚMERO DE CONTROL DEL SISTEMA

  • Número de control del sistema: UPN10000001271

040 ## - FUENTE DE LA CATALOGACIÓN

  • Lengua de catalogación: SPA
  • Agencia de transcripción: UPN

150 ## - ENCABEZAMIENTO - TEMÁTICO

  • Término de materia o nombre geográfico como elemento inicial: POESIA LIRICA

670 ## - FUENTE EN LA QUE SE LOCALIZARON DATOS

  • Cita de la fuente: E

680 ## - NOTA GENERAL CON DESPLIEGUE PÚBLICO

  • Texto explicativo: Aquí se asientan las obras generales. Las obras relacionadas con la poesía lírica de países particulares se asientan bajo
  • Encabezamiento: POESIA ALEMANA ; POESIA FRANCESA ; POESIA INGLESA ;
  • Texto explicativo: etc.

902 ## - CATALOGADOR

  • Catalogador: CAA/130397